Ранні грецькі філософи (від Фалеса до Демокрита) (Запис № 405900)

МАРК-запис
000 -Лідер
fixed length control field 00684nam a22002417a 4500
003 - Ідентифікатор контрольного номера
control field UA-OsUOA
001 - Контрольний номер
control field 119934
007 - Фіксоване поле фізичного опису
fixed length control field ta
008 - Елементи даних фіксованої довжини – загальна інформація
fixed length control field 20161122b un ||||| |||| 00| 0 ukr d
090 ## - Локальний шифр розміщення
Класифікаційний індекс УДК 1(091)(38)
Авторський знак (НП) З-17
040 ## - Джерело каталогізації
Агенція оригінальної каталогізації UA-OsUOA
Мова каталогізації ukr
Агенція, яка здійснювала перезапис UA-OsUOA
Агенція, яка здійснювала модифікацію UA-OsUOA
041 ## - Код мови
Код мови тексту/ звукової доріжки чи окремого заголовка (П) ukr
080 ## - Індекс Універсальної десяткової класифікації
Індекс Універсальної десяткової класифікації (УДК) (НП) 1(091)(38)
020 ## - Міжнародний стандартний книжковий номер (ISBN)
Міжнародний стандартний книжковий номер (ISBN) (НП) 978-617-7328-27-7
100 ## - Основне введення – ім’я особи
Ім’я особи (НП) Зайцев М.
245 ## - Відомості про назву
Назва (НП) Ранні грецькі філософи (від Фалеса до Демокрита)
Решта назви (НП) курс лекцій
260 ## - Публікація, розповсюдження і т.п. (Вихідні дані)
Місце публікації, розповсюдження і т.п. (П) Острог
Ім’я/ наймення видавництва, розповсюджувача і т.п. (П) НаУОА
Дата публікації, розповсюдження і т.п. (П) 2016
300 ## - Фізичний опис
Обсяг 178 с.
650 #7 - Додаткове предметне введення – тематичний термін
Тематичний термін чи географічна назва, як елемент введення (НП) 1(091) Історія філософії
Джерело заголовка чи терміна UDC
942 ## - Додаткові елементи входу (Коха)
Тип елемента Koha Книги
955 ## - Код типу видання за змістом
Код типу видання за змістом (НП) Наукові видання
Фонди
Стан вилучень Стан втрат Джерело класифікації або схеми стелажів Стан уражень Не для кредиту Постійне місце розташування Поточне розміщення Дата придбання Джерело придбання Вартість, звичайна ціна покупки Інвентарний номер Усього замовленно Повний номер виклику Штрих-код Перевірено Дата останнього перегляду Дата останньої перевірки Ціна ефективна від Тип елемента Koha
    Universal Decimal Classification     АБ - Абонемент НБ АБ - Абонемент НБ 22/11/2016 46/2016 35.00 152599 1 1(091)(38) З-17 152599 23/09/2021 09/09/2021 09/09/2021 22/11/2016 Книги
    Universal Decimal Classification     АБ - Абонемент НБ АБ - Абонемент НБ 22/11/2016 46/2016 35.00 152600   1(091)(38) З-17 152600   26/10/2021   22/11/2016 Книги
    Universal Decimal Classification     АБ - Абонемент НБ АБ - Абонемент НБ 22/11/2016 46/2016 35.00 152601   1(091)(38) З-17 152601   26/10/2021   22/11/2016 Книги
    Universal Decimal Classification     АБ - Абонемент НБ АБ - Абонемент НБ 22/11/2016 46/2016 35.00 152602   1(091)(38) З-17 152602   26/10/2021   22/11/2016 Книги
    Universal Decimal Classification     АБ - Абонемент НБ АБ - Абонемент НБ 22/11/2016 46/2016 35.00 152603 1 1(091)(38) З-17 152603 03/10/2023 19/09/2023 19/09/2023 22/11/2016 Книги
    Universal Decimal Classification     ЧЗ - Читальна зала ЧЗ - Читальна зала 22/11/2016 46/2016 35.00 152604   1(091)(38) З-17 152604   09/02/2022   22/11/2016 Книги
    Universal Decimal Classification     ЧЗ - Читальна зала ЧЗ - Читальна зала 22/11/2016 46/2016 35.00 152605   1(091)(38) З-17 152605   09/02/2022   22/11/2016 Книги
    Universal Decimal Classification     ЧЗ - Читальна зала ЧЗ - Читальна зала 22/11/2016 46/2016 35.00 152606   1(091)(38) З-17 152606   09/02/2022   22/11/2016 Книги
    Universal Decimal Classification     ЧЗ - Читальна зала ЧЗ - Читальна зала 22/11/2016 46/2016 35.00 152607   1(091)(38) З-17 152607   09/02/2022   22/11/2016 Книги
    Universal Decimal Classification     ЧЗ - Читальна зала ЧЗ - Читальна зала 22/11/2016 46/2016 35.00 152608 1 1(091)(38) З-17 152608   09/02/2022 09/09/2019 22/11/2016 Книги